Medagliere Equitazione ai Giochi Olimpici - Statistics

Statistiche generali
  • Questo quiz è stato fatto 23 volte
  • Il punteggio medio è 12 su 16
Statistiche sulle risposte
Medaglie complessive Medaglie d'Oro Medaglie d'Argento Medaglie di Bronzo Rappresentativa olimpica % Corretto
56 28 14 14 Germania
100%
23 7 9 7 Italia
100%
54 11 23 20 Stati Uniti
95%
38 14 13 11 Francia
90%
7 2 2 3 Canada
85%
40 13 12 15 Gran Bretagna
80%
22 5 10 7 Svizzera
80%
14 6 4 4 Australia
75%
13 1 2 7 Belgio
75%
27 10 13 4 Paesi Bassi
75%
7 2 1 4 Messico
70%
45 18 13 14 Svezia
70%
15 6 5 4 Unione Sovietica
70%
10 3 2 5 Nuova Zelanda
50%
25 11 5 9 Germania Ovest
35%
14 5 5 4 Squadra Unificata Tedesca
5%
Nessun quiz corrispondente trovato
Distribuzione punteggi
Percentuale di utenti per punteggio
Percentile per numero di risposta
I tuoi punteggi nel tempo
Non hai fatto questo quiz